000 00530nam a2200181 i 4500
001 27627
003 ES-MaACL
005 20250807081257.0
007 t|
008 030115s1972 sp ||||1| spa d
100 1 _aAudet, Jean Paul.
_923844
245 1 0 _aMatrimonio y celibato ayer, hoy y mañana /
_cJean Paul Audet.
260 _a[Bilbao] :
_bDesclée de Brouwer,
_c[1972]
300 _a162 p. ;
_c18 cm.
650 0 7 _aMatrimonio
_2embne
_914855
852 _aES-MaACL
_jC-47666
_bR.81330
999 _c27627
_d27627